L'evoluzione dei sistemi giurisdizionali regionali ed influenze comunitarie

Bibliographic Details
Main Author: Pennetta, Piero
Format: Book
Language:Italian
Published: Italia : Cacucci Editore, 2010.
Subjects:
Online Access:Acceso restringido

MARC

LEADER 00000nam a2200000 a 4500
005 2011051803223.0
008 110503s2010 it 000 0 ita d
020 |a 9788884229991 
035 |a 5447 
040 |a BUS   |d vLex 
090 |c 2106  |d 2106 
100 1 |a Pennetta, Piero  
245 1 0 |a L'evoluzione dei sistemi giurisdizionali regionali ed influenze comunitarie  |h [Recurso electrn̤ico] /  |c Piero Pennetta. 
256 |a Servicio en ln̕ea. 
260 |a Italia :  |b Cacucci Editore,  |c 2010. 
300 |a 1 recurso electrn̤ico 
506 1 |a Contenido solo disponible en los productos indicados  |d vLex Global  |d vLex Global (Academic Edition, excluding Law Schools)  |d vLex Global (U.S. Academic Edition, Law Schools)  |d vLex Global (U.S. Academic Edition, excluding Law Schools)  |d vLex Global (Academic Edition, Law Schools) 
650 0 4 |a Derecho  |z Italia. 
740 0 |a vLex Libros (Servicio en ln̕ea) 
856 |u http://vlex.com/source/evoluzione-sistemi-giurisdizionali-regionali-influenze-comunitarie-5447  |z Acceso restringido 
942 |c BOOK